|
|
|
|
| LEADER |
00000nas a2200000 a 4500 |
| 001 |
vtls009517873 |
| 003 |
SK-MaSNL |
| 005 |
20260425194008.0 |
| 008 |
090528c20099999xo ar| h 0 b0slo c |
| 015 |
|
|
|a SNBB2009/04-01571 (I/2008)
|
| 020 |
|
|
|a 9788071657286 (brož. : zv. I/2008)
|
| 040 |
|
|
|a SAVUK
|b slo
|c SAVUK
|d SNK
|e AACR2
|
| 041 |
0 |
|
|a slo
|a cze
|b eng
|
| 043 |
|
|
|a e-xo---
|
| 044 |
|
|
|a xo
|c SK
|
| 072 |
|
7 |
|a 93/94
|x Dejiny (všeobecne)
|2 konspekt
|
| 080 |
|
|
|a 93/94
|2 2001
|
| 080 |
|
|
|a 930
|2 2001
|
| 080 |
|
|
|a (437.6)
|2 2001
|
| 080 |
|
|
|a (058)
|2 2001
|
| 245 |
0 |
0 |
|a Verbum historiae ...
|
| 260 |
|
|
|a Prešov
|b Vydavateľstvo Michala Vaška
|c 2009-
|
| 300 |
|
|
|a zv.
|c 24 cm
|
| 310 |
|
|
|a 1x ročne
|
| 362 |
0 |
|
|a I (2008)-
|
| 500 |
|
|
|a Editori: I (2008)- , Róbert Letz, Ľuboš Kačírek
|
| 500 |
|
|
|a Vydáva Katedra histórie Pedagogickej fakulty Univerzity Komenského v Bratislave
|
| 500 |
|
|
|a Pozn.
|
| 500 |
|
|
|a Súčasťou názvu je označenie poradového čísla
|
| 504 |
|
|
|a Bibliogr. odkazy
|
| 546 |
|
|
|a Čiast. text čes.; Res. angl.
|
| 650 |
0 |
7 |
|a dejiny
|2 SNKPH
|9 3825
|
| 650 |
0 |
7 |
|a historiografia
|2 SNKPH
|9 3848
|
| 651 |
|
7 |
|a Slovensko
|2 SNKPH
|9 14231
|
| 655 |
|
7 |
|a ročenky
|2 SNKPH
|9 57146
|
| 700 |
1 |
|
|a Letz, Róbert,
|d 1967-
|4 edt
|9 102956
|
| 700 |
1 |
|
|a Kačírek, Ľuboš,
|d 1971-
|4 edt
|9 211639
|
| 910 |
|
|
|a savuk
|
| 910 |
|
|
|a snk
|
| 919 |
|
|
|a 978-80-7165-728-6
|
| 958 |
|
|
|a NB
|
| 999 |
|
|
|c 1008
|d 2938
|
| 952 |
|
|
|a SNK
|b SNK
|y PREZ
|7 0
|p 17A0609725
|o snkČSC 3447/1/2008
|i snk2009/15814
|8 0
|0 0
|1 0
|4 0
|d 2009-09-04
|l 0
|r 2026-02-21 21:41:35
|w 2026-02-21
|
| 952 |
|
|
|a SNK
|b SNK
|y PREZ
|7 0
|p 17A0609726
|o snkČSC 3447/1/2008 D1
|i snk2009/15815
|8 0
|0 0
|1 0
|4 0
|d 2009-09-04
|l 0
|r 2026-02-21 21:41:35
|w 2026-02-21
|